Generic guidelines for assessing the management of non - timber forest products (Registro nro. 12898)

Detalles MARC
000 -CABECERA
Campo de control 004690000a22001570004500
090 ## - CLASIFICACIÓN LOCAL
Colección AR
Consecutivo 03863
041 0# - IDIOMA
Código de idioma para texto/pista de sonido o título separado
245 10 - MENCION DE TITULO
Título Generic guidelines for assessing the management of non - timber forest products
500 ## - NOTA GENERAL
Nota general <Colección Biocomercio>
650 14 - ASIENTO SECUNDARIO DE MATERIA - TERMINO TEMATICO
Término temático o nombre geográfico como elemento de entrada Especies no maderables
650 14 - ASIENTO SECUNDARIO DE MATERIA - TERMINO TEMATICO
Término temático o nombre geográfico como elemento de entrada Recursos forestales
650 14 - ASIENTO SECUNDARIO DE MATERIA - TERMINO TEMATICO
Término temático o nombre geográfico como elemento de entrada Manejo forestal
650 14 - ASIENTO SECUNDARIO DE MATERIA - TERMINO TEMATICO
Término temático o nombre geográfico como elemento de entrada Agroforestería
773 1# - Item fuente:
Título Preprint
Paginas del Articulo 1-24
Lugar, editorial y fecha de publicación 1999
942 ## - ELEMENTOS ADICIONALES (KOHA)
Tipo de ítem Artículo
Existencias
Withdrawn status Lost status Damaged status No para préstamo Colección Ubicación Permanente Ubicación actual Fecha de adquisición Fuente de Valor Datos de publicación Seriada Total Checkouts Número topográfico Inventario / Código de Barras Date last seen Price effective from Forma de adquisición Tipo de material
      No para Préstamo Hemeroteca Bogotá Bogotá 27/02/2015 Biocomercio Fuera de circulación   AR 03863 017418 25/03/2015 25/03/2015   Artículo